Подробности
| 000 -МАРКЕР |
| контрольное поле |
02948nam0a2200541 4500 |
| 001 - ИДЕНТИФИКАТОР ЗАПИСИ |
| контрольное поле |
RU\NLR\bibl\393715 |
| 005 - ИДЕНТИФИКАТОР ВЕРСИИ |
| контрольное поле |
20260407084513.0 |
| 010 ## - МЕЖДУНАРОДНЫЙ СТАНДАРТНЫЙ НОМЕР КНИГИ (ISBN) |
| Номер (ISBN) |
5-85921-374-3 |
| Тираж |
3000 |
| 021 ## - НОМЕР ГОСУДАРСТВЕННОЙ РЕГИСТРАЦИИ |
| Код страны |
Российская Федерация |
| Номер |
2003-8087 |
| Номер Листа государственной регистраци |
376 |
| 035 ## - ДРУГИЕ СИСТЕМНЫЕ НОМЕРА |
| Идентификатор записи |
(NLR Aleph) 000387989 |
| 100 ## - ДАННЫЕ ОБЩЕЙ ОБРАБОТКИ |
| Данные общей обработки |
20030408d2002 |||y0rusy50 ca |
| 101 0# - ЯЗЫК РЕСУРСА |
| Язык текста, звукозаписи и т.д. |
русский |
| 102 ## - СТРАНА ПУБЛИКАЦИИ ИЛИ ПРОИЗВОДСТВА |
| Страна публикации |
Российская Федерация |
| 105 ## - ПОЛЕ КОДИРОВАННЫХ ДАННЫХ: ТЕКСТОВЫЕ МАТЕРИАЛЫ, МОНОГРАФИЧЕСКИЕ |
| Кодированные данные о монографическом текстовом документе |
a ||||||||| |
| 200 1# - ЗАГЛАВИЕ И СВЕДЕНИЯ ОБ ОТВЕТСТВЕННОСТИ |
| Основное заглавие |
Земноводные и пресмыкающиеся Новосибирской и Томской областей |
| Сведения, относящиеся к заглавию |
(Информ. материалы к герпетофауне Сибири) |
| -- |
Метод. пособие |
| Первые сведения об ответственности |
О. Н. Чернышова, Л. Н. Ердаков, В. Н. Куранова, М. В. Пестов |
| Последующие сведения об ответственности |
[Науч. ред. - д.б.н. Ю.С. Равкин] |
| -- |
М-во образования Рос. Федерации, Новосиб. гос. пед. ун-т |
| 210 ## - ПУБЛИКАЦИЯ, РАСПРОСТРАНЕНИЕ И ДР. |
| Место издания, распространения и т.д. |
Новосибирск |
| Имя издателя, распространителя и т. д. |
НГПУ |
| Дата издания, распространения и т.д. |
2002 |
| 215 ## - ФИЗИЧЕСКАЯ ХАРАКТЕРИСТИКА |
| Специфическое обозначение материала и объем |
51,[1] с. |
| Другие сведения о физической характеристике |
ил. |
| Размеры |
21 |
| 300 ## - ОБЩИЕ ПРИМЕЧАНИЯ |
| Текст примечания |
На обл. авт. не указаны |
| 320 ## - ПРИМЕЧАНИЯ О НАЛИЧИИ В ДОКУМЕНТЕ БИБЛИОГРАФИИ / УКАЗАТЕЛЯ |
| Текст примечания |
Библиогр.: с. 47-48 |
| 606 0# - НАИМЕНОВАНИЕ ТЕМЫ КАК ПРЕДМЕТ |
| Наименование темы |
Земноводные |
| Формальный подзаголовок |
Методические пособия |
| Географический подзаголовок |
Новосибирская область |
| Системный номер авторитетной/нормативной записи |
2289616 |
| Идентификатор авторитетной/нормативной записи |
RU\NLR\auth\661371316 |
| 606 0# - НАИМЕНОВАНИЕ ТЕМЫ КАК ПРЕДМЕТ |
| Наименование темы |
Земноводные |
| Формальный подзаголовок |
Методические пособия |
| Географический подзаголовок |
Томская область |
| Системный номер авторитетной/нормативной записи |
2289618 |
| Идентификатор авторитетной/нормативной записи |
RU\NLR\auth\661371317 |
| 606 0# - НАИМЕНОВАНИЕ ТЕМЫ КАК ПРЕДМЕТ |
| Наименование темы |
Пресмыкающиеся |
| Формальный подзаголовок |
Методические пособия |
| Географический подзаголовок |
Новосибирская область |
| Системный номер авторитетной/нормативной записи |
2289620 |
| Идентификатор авторитетной/нормативной записи |
RU\NLR\auth\661371318 |
| 606 0# - НАИМЕНОВАНИЕ ТЕМЫ КАК ПРЕДМЕТ |
| Наименование темы |
Пресмыкающиеся |
| Формальный подзаголовок |
Методические пособия |
| Географический подзаголовок |
Томская область |
| Системный номер авторитетной/нормативной записи |
2289622 |
| Идентификатор авторитетной/нормативной записи |
RU\NLR\auth\661371319 |
| 610 0# - НЕКОНТРОЛИРУЕМЫЕ ПРЕДМЕТНЫЕ ТЕРМИНЫ |
| Предметный термин |
Амфибии |
| 610 0# - НЕКОНТРОЛИРУЕМЫЕ ПРЕДМЕТНЫЕ ТЕРМИНЫ |
| Предметный термин |
Пресмыкающиеся |
| 610 0# - НЕКОНТРОЛИРУЕМЫЕ ПРЕДМЕТНЫЕ ТЕРМИНЫ |
| Предметный термин |
Земноводные - см. Амфибии |
| 675 ## - УНИВЕРСАЛЬНАЯ ДЕСЯТИЧНАЯ КЛАССИФИКАЦИЯ (UDC/УДК) |
| Индекс |
[597.6 |
| Издание |
3 |
| Язык издания |
rus |
| 675 ## - УНИВЕРСАЛЬНАЯ ДЕСЯТИЧНАЯ КЛАССИФИКАЦИЯ (UDC/УДК) |
| Индекс |
598.]1(571.1) |
| Издание |
3 |
| Язык издания |
rus |
| 686 ## - ИНДЕКСЫ ДРУГИХ КЛАССИФИКАЦИЙ |
| Индекс |
34.33 |
| Код системы |
|
| 686 ## - ИНДЕКСЫ ДРУГИХ КЛАССИФИКАЦИЙ |
| Индекс |
28.693.3 |
| Код системы |
|
| 686 ## - ИНДЕКСЫ ДРУГИХ КЛАССИФИКАЦИЙ |
| Индекс |
Е693.33(2Р53-4Нов)я8 |
| 686 ## - ИНДЕКСЫ ДРУГИХ КЛАССИФИКАЦИЙ |
| Индекс |
Е693.33(2Р53-4Том)я8 |
| 686 ## - ИНДЕКСЫ ДРУГИХ КЛАССИФИКАЦИЙ |
| Индекс |
Е693.34(2Р53-4Нов)я8 |
| 686 ## - ИНДЕКСЫ ДРУГИХ КЛАССИФИКАЦИЙ |
| Индекс |
Е693.34(2Р53-4Том)я8 |
| 701 #1 - ИМЯ ЛИЦА - АЛЬТЕРНАТИВНАЯ ОТВЕТСТВЕННОСТЬ |
| Код отношения |
Автор |
| Начальный элемент ввода |
Чернышова |
| Часть имени, кроме начального элемента ввода |
О. Н. |
| Дополнения к именам, кроме дат |
канд. биол. наук |
| Расширение инициалов личного имени |
Ольга Николаевна |
| Системный номер авторитетной/нормативной записи |
136317 |
| Идентификатор авторитетной/нормативной записи |
RU\NLR\AUTH\770136352 |
| 701 #1 - ИМЯ ЛИЦА - АЛЬТЕРНАТИВНАЯ ОТВЕТСТВЕННОСТЬ |
| Начальный элемент ввода |
Ердаков |
| Часть имени, кроме начального элемента ввода |
Л. Н. |
| Расширение инициалов личного имени |
Лев Николаевич |
| Код отношения |
Автор |
| 701 #1 - ИМЯ ЛИЦА - АЛЬТЕРНАТИВНАЯ ОТВЕТСТВЕННОСТЬ |
| Начальный элемент ввода |
Куранова |
| Часть имени, кроме начального элемента ввода |
В. Н. |
| Расширение инициалов личного имени |
Валентина Николаевна |
| Код отношения |
Автор |
| 701 #1 - ИМЯ ЛИЦА - АЛЬТЕРНАТИВНАЯ ОТВЕТСТВЕННОСТЬ |
| Начальный элемент ввода |
Пестов |
| Часть имени, кроме начального элемента ввода |
М. В. |
| Расширение инициалов личного имени |
Марк Валентинович |
| Код отношения |
Автор |
| 702 #1 - ИМЯ ЛИЦА - ВТОРИЧНАЯ ОТВЕТСТВЕННОСТЬ |
| Код отношения |
Редактор |
| Материалы, к которым относится поле |
rus |
| Графика поля |
Кириллица |
| Начальный элемент ввода |
Равкин |
| Часть имени, кроме начального элемента ввода |
Ю. С. |
| Даты |
1937- |
| Расширение инициалов личного имени |
Юрий Соломонович |
| Идентификатор авторитетной/нормативной записи |
RU\NLR\auth\7767395 |
| Системный номер авторитетной/нормативной записи |
50323 |
| 712 02 - НАИМЕНОВАНИЕ ОРГАНИЗАЦИИ - ВТОРИЧНАЯ ОТВЕТСТВЕННОСТЬ |
| Код отношения |
Прочие |
| Начальный элемент ввода |
Новосибирский государственный педагогический университет |
| Идентификатор авторитетной/нормативной записи |
RU\NLR\AUTH\8812496 |
| Системный номер авторитетной/нормативной записи |
297761 |
| 801 #0 - ИСТОЧНИК ЗАПИСИ |
| Страна |
Российская Федерация |
| Организация |
RKP |
| Дата составления |
20030408 |
| Правила каталогизации |
PSBO |
| 801 #1 - ИСТОЧНИК ЗАПИСИ |
| Страна |
Российская Федерация |
| Организация |
RKP |
| Дата составления |
20030408 |
| 801 #2 - ИСТОЧНИК ЗАПИСИ |
| Страна |
Российская Федерация |
| Организация |
NLR |
| Дата составления |
20080818 |
| Правила каталогизации |
rcr |
| 942 ## - ДОПОЛНИТЕЛЬНЫЕ ЭЛЕМЕНТЫ ЗАПИСИ (АБИС) |
| Тип экземпляра АБИС |
Книга |
| 980 ## - КОЛЛЕКЦИЯ |
| Название коллекции |
Национальная библиография |